Statistics for Top 15 Countries with Covid-19 Cases - 22 Apr 2021

Click here to take the quiz!

General Stats

  • This quiz has been taken 14 times
  • The average score is 17 of 28

Answer Stats

country% Correct
United Kingdom
100%
United States
100%
India
93%
Italy
93%
Brazil
86%
France
86%
Mexico
86%
Poland
86%
Russia
86%
Spain
86%
Germany
79%
Iran
71%
Netherlands
71%
Portugal
64%
Belgium
57%
Israel
57%
Turkey
57%
Argentina
50%
Colombia
50%
Hungary
50%
Czechia
43%
Sweden
43%
Croatia
29%
Estonia
21%
Panama
21%
Slovenia
21%
Lithuania
14%
Bahrain
7%

Score Distribution

Percentile by Number Answered

Percent of People with Each Score

Your Score History

You have not taken this quiz